| 000 | 00536nam a22001817a 4500 | ||
|---|---|---|---|
| 003 | SISC | ||
| 005 | 20160406090640.0 | ||
| 008 | 130822t xxu||||| |||| 00| 0 eng d | ||
| 020 | _a9718707271 | ||
| 050 |
_aHD 9506.P62 _b.T819 1998 |
||
| 082 |
_aHS 338.2 _bTu81 1998 |
||
| 100 |
_aTu81 1998 _912117 |
||
| 245 |
_aGlobalizing Philippine mining _c Antonio A. Tujan Jr.and Ros- B Guzman. |
||
| 260 |
_aOld Sta Mesa, Manila : _bIbon Foundation, Inc, _cc1998. |
||
| 300 |
_a214 p. : _c22 cm. |
||
| 942 |
_2lcc _cBK |
||
| 999 |
_c9008 _d9008 |
||